[Event "SR 4. liga A21 2013/2014"]
[Site "?"]
[Date "2013.10.06"]
[Round "1.2"]
[White "Curidlo, Jan"]
[Black "Ocko, Martin"]
[Result "1/2-1/2"]
[WhiteElo "1852"]
[BlackElo "1736"]
[PlyCount "104"]
[EventDate "2013.??.??"]

1. e4 c5 2. Nf3 Nc6 3. d4 cxd4 4. Nxd4 g6 5. Be3 Bg7 6. Nc3 d6 7. Be2 Nf6 8. h3
O-O 9. Qd2 a6 10. O-O-O Bd7 11. f4 b5 12. Bf3 Nxd4 13. Bxd4 Rc8 14. e5 Ne8 15.
g4 Bc6 16. Qe3 b4 17. Bb6 Qd7 18. Nd5 e6 19. Nf6+ Bxf6 20. exf6 Bxf3 21. Qxf3
Nxf6 22. Bd4 Nd5 23. f5 Qa4 24. Qb3 Qxb3 25. axb3 Rc6 26. Rhe1 Nf4 27. Bf6 Rfc8
28. Kb1 Nd5 29. Bg5 Nc7 30. Be7 exf5 31. gxf5 Nb5 32. Re2 h5 33. Rg2 Kg7 34.
Rdg1 Re8 35. Bh4 d5 36. Rd1 Re4 37. Be1 a5 38. Rgd2 Nc7 39. Rg2 d4 40. Bf2 Nb5
41. Bg1 Rf4 42. fxg6 fxg6 43. Rg5 Rb6 44. Rd5 Kf6 45. R5xd4 Nxd4 46. Bxd4+ Rxd4
47. Rxd4 Ke5 48. Rd3 g5 49. Kc1 Rf6 50. c4 Rf1+ 51. Kd2 Rf2+ 52. Kc1 Rf1+
1/2-1/2

[Event "SR 4. liga A21 2013/2014"]
[Site "?"]
[Date "2013.10.06"]
[Round "1.2"]
[White "Buran, Andrej ml"]
[Black "Nedorost, Lubomir"]
[Result "1/2-1/2"]
[WhiteElo "1392"]
[BlackElo "1701"]
[PlyCount "144"]
[EventDate "2013.??.??"]

1. e4 Nf6 2. e5 Nd5 3. c4 Nb6 4. Nf3 d6 5. exd6 cxd6 6. d4 Bg4 7. Be2 Nc6 8. d5
Nb4 9. a3 Na6 10. O-O g6 11. Qd4 Bxf3 12. Bxf3 f6 13. Re1 Nc5 14. Qxf6 Rg8 15.
Qh4 Rg7 16. Bh6 Rf7 17. Bxf8 Kxf8 18. Nc3 Nd3 19. Re2 Ne5 20. Be4 Kg8 21. b3
Qf8 22. Nb5 Qg7 23. Rf1 g5 24. Qg3 Rf4 25. Nc7 Raf8 26. Ne6 Qh6 27. Nxf8 Rxf8
28. Qh3 Qg7 29. Qe6+ Kh8 30. Qh3 Nbd7 31. Qe3 b6 32. f4 Qf6 33. Qh3 Rf7 34. Qe6
gxf4 35. Qxf6+ Rxf6 36. g3 fxg3 37. hxg3 Kg7 38. Rh2 h6 39. Rxf6 Nxf6 40. Bg2
Nd3 41. Bf3 Nd7 42. Be4 N3c5 43. Bc2 Ne5 44. Rf2 a5 45. a4 Ncd7 46. Kg2 Nf6 47.
Bf5 Nf7 48. Re2 Ne5 49. g4 Kf8 50. Kg3 Nf7 51. Rh2 Kg7 52. Re2 Ne5 53. Kf4 Ng8
54. g5 hxg5+ 55. Kxg5 Nf6 56. Rg2 Nf7+ 57. Kh4+ Kf8 58. Kh3 Nh5 59. Be6 Nd8 60.
Kh4 Nf6 61. Rg6 Nf7 62. Bxf7 Kxf7 63. Kg5 Ne4+ 64. Kh6 Nc5 65. Rg7+ Kf6 66. Rg8
Nxb3 67. Rb8 Nc5 68. Rxb6 Nxa4 69. Rb5 Ke5 70. Rxa5 Nb6 71. Ra7 Nxc4 72. Rxe7+
Kxd5 1/2-1/2

[Event "SR 4. liga A21 2013/2014"]
[Site "?"]
[Date "2013.10.06"]
[Round "1.2"]
[White "Sedlak, Rastislav"]
[Black "Mudroch, Martin"]
[Result "1-0"]
[WhiteElo "1761"]
[BlackElo "1360"]
[PlyCount "83"]
[EventDate "2013.??.??"]

1. e4 c6 2. d4 d5 3. exd5 cxd5 4. Nf3 Bg4 5. Be2 Nc6 6. O-O e6 7. Be3 Bd6 8. h3
Bh5 9. c4 Nge7 10. Nc3 f6 11. Qb3 Bxf3 12. Bxf3 dxc4 13. Qxb7 Rb8 14. Bxc6+
Nxc6 15. Qxc6+ Qd7 16. Qxd7+ Kxd7 17. Rab1 Rbc8 18. d5 a6 19. dxe6+ Kxe6 20.
Rfe1 Kf7 21. Rbd1 Bb4 22. Rd7+ Kg6 23. g4 Bxc3 24. bxc3 Rc6 25. h4 h5 26. g5
Re8 27. f4 fxg5 28. fxg5 Re4 29. Rd4 Rce6 30. Rxe4 Rxe4 31. Bf2 Rxe1+ 32. Bxe1
Kf5 33. Kf2 Kf4 34. Ke2 Ke4 35. Bg3 g6 36. Bc7 Kf5 37. Kf3 Ke6 38. Ke4 Kd7 39.
Bf4 Ke6 40. Kd4 Kd7 41. Kxc4 Kc6 42. Kd4 1-0

[Event "SR 4. liga A21 2013/2014"]
[Site "?"]
[Date "2013.10.06"]
[Round "1.3"]
[White "Nemeckay, Rastislav"]
[Black "Vepy, Ivan"]
[Result "0-1"]
[WhiteElo "1986"]
[BlackElo "1926"]
[PlyCount "80"]
[EventDate "2013.??.??"]

1. e4 e5 2. Nf3 Nc6 3. Bb5 a6 4. Ba4 Nf6 5. O-O Be7 6. Re1 b5 7. Bb3 d6 8. c3
Bg4 9. d3 O-O 10. Nbd2 Rc8 11. Nf1 Na5 12. Bc2 c5 13. h3 Bd7 14. Ng3 Nc6 15.
Bg5 Ne8 16. Be3 Be6 17. b3 Qa5 18. Qd2 Nf6 19. c4 Qc7 20. a3 Nd4 21. Nh2 Rfd8
22. Rf1 Nxc2 23. Qxc2 bxc4 24. bxc4 Ne8 25. Rfb1 g6 26. Ne2 Ng7 27. Rb2 f5 28.
f4 exf4 29. Rab1 Rb8 30. Nxf4 fxe4 31. dxe4 Bf6 32. Rb3 Bd4 33. Nd5 Bxd5 34.
exd5 Nf5 35. Nf1 Nxe3 36. Nxe3 Rxb3 37. Rxb3 Re8 38. Qd2 Qe7 39. Kf2 Qe4 40.
Qe2 Qh4+ 0-1

[Event "SR 4. liga A21 2013/2014"]
[Site "?"]
[Date "2013.10.06"]
[Round "1.3"]
[White "Jarabek, Milan"]
[Black "Klimes, Karel"]
[Result "1/2-1/2"]
[WhiteElo "1744"]
[BlackElo "1651"]
[PlyCount "64"]
[EventDate "2013.??.??"]

1. e4 e5 2. Nf3 Nc6 3. Bb5 d6 4. d4 exd4 5. Nxd4 Bd7 6. Nc3 Nf6 7. O-O Be7 8.
f4 O-O 9. h3 Nxd4 10. Qxd4 Bxb5 11. Nxb5 a6 12. Nc3 Qd7 13. Bd2 Qc6 14. Kh1
Rfe8 15. Rae1 Rad8 16. Rf3 Nd7 17. Nd5 Bf6 18. Nxf6+ Nxf6 19. Rfe3 Qxc2 20. Rc1
Rxe4 21. Rxc2 Rxd4 22. Bc3 Rd1+ 23. Kh2 Nd5 24. Re4 Nxc3 25. Rxc3 d5 26. Re7
Rd4 27. Rcxc7 Rxf4 28. Rxb7 d4 29. Kg3 Rf6 30. Rbd7 Rf8 31. Rxd4 Rb6 32. b3 g6
1/2-1/2

[Event "SR 4. liga A21 2013/2014"]
[Site "?"]
[Date "2013.10.06"]
[Round "1.3"]
[White "Kanka, Tomas"]
[Black "Zlamal, Marek"]
[Result "1/2-1/2"]
[WhiteElo "1688"]
[BlackElo "1638"]
[PlyCount "57"]
[EventDate "2013.??.??"]

1. Nf3 c5 2. e4 Nc6 3. Nc3 d6 4. h3 a6 5. d4 cxd4 6. Nxd4 g6 7. Nb3 Bg7 8. Bd3
Bxc3+ 9. bxc3 d5 10. Bb2 dxe4 11. Bxe4 Qxd1+ 12. Rxd1 Nf6 13. Bf3 Be6 14. O-O
O-O 15. Rfe1 Rfe8 16. a4 Bf5 17. Rd2 Rad8 18. Rde2 Nd5 19. Bxd5 Rxd5 20. g4 Bc8
21. c4 Rd7 22. Nc5 Rc7 23. Ne4 Be6 24. f4 Rf8 25. Rf2 Bxc4 26. f5 f6 27. fxg6
hxg6 28. Re3 Bd5 29. Nc3 1/2-1/2

[Event "SR 4. liga A21 2013/2014"]
[Site "?"]
[Date "2013.10.06"]
[Round "1.3"]
[White "Antalek, Rudolf"]
[Black "Wallner, Juraj"]
[Result "0-1"]
[WhiteElo "1533"]
[BlackElo "1512"]
[PlyCount "44"]
[EventDate "2013.??.??"]

1. e4 c5 2. Nf3 e6 3. d4 d5 4. exd5 exd5 5. Be3 Qb6 6. Nc3 Nf6 7. b3 Nc6 8. Be2
cxd4 9. Nxd4 Bc5 10. Nxc6 Bxe3 11. fxe3 bxc6 12. Qd2 O-O 13. O-O Re8 14. Rf3 c5
15. Nxd5 Nxd5 16. Qxd5 Bb7 17. Qxf7+ Kh8 18. Rg3 Rg8 19. Bf3 Bxf3 20. Rxf3 h6
21. Rd1 Rgf8 22. Qd5 Rfd8 0-1

[Event "SR 4. liga A21 2013/2014"]
[Site "?"]
[Date "2013.10.06"]
[Round "1.3"]
[White "Sobek, Michal"]
[Black "Drabek, Martin"]
[Result "0-1"]
[WhiteElo "1230"]
[BlackElo "1456"]
[PlyCount "84"]
[EventDate "2013.??.??"]

1. e4 e5 2. Nf3 Nc6 3. Bb5 d6 4. Nc3 Bd7 5. d3 h6 6. Ne2 Nf6 7. Ng3 Ne7 8.
Bxd7+ Qxd7 9. O-O Nc6 10. c3 Be7 11. d4 O-O 12. d5 Nd8 13. Re1 Qb5 14. a4 Qd7
15. Nf5 Kh8 16. Qd2 Nxe4 17. Rxe4 Qxf5 18. Rc4 Rc8 19. a5 Qg6 20. a6 b6 21. Qe2
f5 22. Be3 Nf7 23. Rc6 e4 24. Nd4 Ne5 25. Ne6 Nxc6 26. Nxf8 Rxf8 27. dxc6 d5
28. Qb5 Qe6 29. Bxb6 cxb6 30. c4 dxc4 31. Rc1 Rc8 32. Rxc4 e3 33. Rc1 Bc5 34.
Kf1 exf2 35. Qe2 Qxe2+ 36. Kxe2 g6 37. Rd1 Rxc6 38. Rd8+ Kg7 39. Rd7+ Kf6 40.
Rxa7 Re6+ 41. Kd2 f1=Q 42. Rd7 Qxa6 0-1

[Event "SR 4. liga A21 2013/2014"]
[Site "?"]
[Date "2013.10.06"]
[Round "1.4"]
[White "Kubis, Ivan"]
[Black "Kovarik, Oto"]
[Result "1/2-1/2"]
[WhiteElo "1992"]
[BlackElo "1925"]
[PlyCount "91"]
[EventDate "2013.??.??"]

1. e4 c5 2. Nf3 e6 3. d4 cxd4 4. Nxd4 a6 5. Bd3 Nc6 6. Nxc6 bxc6 7. O-O Nf6 8.
e5 Nd5 9. c4 Nb6 10. Be3 c5 11. Nc3 Qc7 12. f4 Bb7 13. Rc1 Be7 14. Ne4 Rc8 15.
Qg4 g6 16. Rfd1 Bxe4 17. Bxe4 d6 18. exd6 Bxd6 19. Qg5 Nd7 20. Rd3 Be7 21. Qh6
Nf6 22. Bf3 Bf8 23. Qh4 Bg7 24. g4 h5 25. g5 Nd7 26. Rcd1 Nb6 27. b3 O-O 28.
Qf2 e5 29. Qd2 exf4 30. Bxf4 Be5 31. Be3 Rfe8 32. a4 Bg7 33. a5 Na8 34. Rd7 Qe5
35. Bf2 Qf5 36. Bxa8 Rxa8 37. Qd5 Qg4+ 38. Kh1 Qf4 39. Bg3 Qe4+ 40. Qxe4 Rxe4
41. Rf1 Rf8 42. Rc7 Bd4 43. Bd6 Rfe8 44. Rcxf7 Rg4 45. Ra7 Rxg5 46. Rxa6
1/2-1/2

[Event "SR 4. liga A21 2013/2014"]
[Site "?"]
[Date "2013.10.06"]
[Round "1.4"]
[White "Cerovsky, Marian"]
[Black "Kubik, Peter"]
[Result "0-1"]
[WhiteElo "1832"]
[BlackElo "1824"]
[PlyCount "66"]
[EventDate "2013.??.??"]

1. e4 e5 2. Nc3 Nc6 3. Nf3 Nf6 4. Bc4 Bc5 5. d3 h6 6. a3 d6 7. h3 Be6 8. Bxe6
fxe6 9. O-O a6 10. Ne2 Qe7 11. Ng3 O-O-O 12. b4 Ba7 13. c4 g5 14. b5 axb5 15.
cxb5 Nd4 16. Be3 Rhg8 17. Nxd4 Bxd4 18. Bxd4 exd4 19. Qa4 Kb8 20. Qxd4 g4 21.
Rfc1 gxh3 22. gxh3 Nh5 23. Qe3 Qh4 24. Kf1 Qxh3+ 25. Ke1 Nxg3 26. Kd2 Qh2 27.
Kc3 Nh5 28. Kb4 Qf4 29. Qe2 Nf6 30. Rc4 Rg2 31. Rf1 h5 32. Qc2 d5 33. Rxc7 Qxc7
0-1

[Event "SR 4. liga A21 2013/2014"]
[Site "?"]
[Date "2013.10.06"]
[Round "1.4"]
[White "Vach, Jozef"]
[Black "Damborsky, Pavol"]
[Result "1-0"]
[WhiteElo "1799"]
[BlackElo "1836"]
[PlyCount "65"]
[EventDate "2013.??.??"]

1. d4 d5 2. Nf3 Nc6 3. c4 e6 4. Nc3 Bb4 5. e3 Nf6 6. Bd2 Bxc3 7. Bxc3 Ne4 8.
Rc1 Nxc3 9. Rxc3 O-O 10. Bd3 f5 11. Bb1 b6 12. O-O Ba6 13. b3 Rf6 14. Re1 Qd6
15. Qd2 Raf8 16. Rec1 dxc4 17. bxc4 Qd7 18. c5 b5 19. Ra3 Bb7 20. Rd1 Qd5 21.
Qe2 a6 22. e4 Qd7 23. d5 Rd8 24. Rad3 exd5 25. exd5 Qe7 26. Re3 Qd7 27. Bc2
Rdf8 28. dxc6 Qxc6 29. Bb3+ Kh8 30. Bd5 Qxc5 31. Bxb7 c6 32. Re7 g6 33. Ne5 1-0

[Event "SR 4. liga A21 2013/2014"]
[Site "?"]
[Date "2013.10.06"]
[Round "1.4"]
[White "Dubecky, Ladislav"]
[Black "Hrubsa, Marian"]
[Result "0-1"]
[WhiteElo "1675"]
[BlackElo "1801"]
[PlyCount "88"]
[EventDate "2013.??.??"]

1. e4 e6 2. f4 d5 3. e5 c5 4. Nf3 Nc6 5. Bb5 Bd7 6. Bxc6 Bxc6 7. d4 Nh6 8. c3
Be7 9. O-O Qb6 10. Na3 Rc8 11. Ng5 cxd4 12. cxd4 Nf5 13. Nc2 Bb5 14. Rf3 Rxc2
15. Qxc2 Nxd4 16. Qc8+ Bd8 17. Kh1 Nxf3 18. Nxf3 Bc6 19. Qb8 O-O 20. Qd6 Qb5
21. Be3 Qxb2 22. Rc1 Bb6 23. Bxb6 Qxb6 24. Qc5 Qb2 25. a3 h6 26. Qc3 Qf2 27.
Qd2 Qb6 28. Nd4 Rc8 29. h3 Qd8 30. g3 Bd7 31. Rxc8 Qxc8 32. Qc2 Qxc2 33. Nxc2
Kf8 34. Kg1 Ke7 35. Kf2 f6 36. Ke3 fxe5 37. fxe5 Kf7 38. h4 Kg6 39. g4 h5 40.
Kf4 hxg4 41. Kxg4 Ba4 42. Nd4 a5 43. Nxe6 Bd7 44. h5+ Kf7 0-1

[Event "SR 4. liga A21 2013/2014"]
[Site "?"]
[Date "2013.10.06"]
[Round "1.4"]
[White "Bartos, Bohumil"]
[Black "Sprusansky, Ferdinand"]
[Result "1/2-1/2"]
[WhiteElo "1507"]
[BlackElo "1439"]
[PlyCount "92"]
[EventDate "2013.??.??"]

1. d4 d5 2. c4 c5 3. e3 e6 4. Nf3 Bd6 5. Nc3 Nf6 6. Bd3 Nc6 7. O-O Nb4 8. a3
Nxd3 9. Qxd3 Bd7 10. dxc5 Bxc5 11. b4 Bd6 12. c5 Bc7 13. Bb2 O-O 14. Rfc1 Bc6
15. b5 Bd7 16. Ne2 Re8 17. Ne5 Bxe5 18. Bxe5 Rc8 19. Nd4 Ng4 20. Nf3 Nxe5 21.
Nxe5 Qc7 22. Nxd7 Qxd7 23. a4 e5 24. e4 d4 25. Ra2 Re6 26. Rac2 g6 27. f3 a6
28. Kf2 a5 29. Rd2 Qe7 30. Qc4 Qh4+ 31. Kg1 Qf4 32. Qe2 b6 33. c6 f5 34. Rf1
Kg7 35. g3 Qg5 36. Qf2 f4 37. g4 Qe7 38. Rd3 Qb4 39. Qc2 g5 40. Rb1 Qd6 41. Qc4
Rh6 42. Qd5 Rf6 43. Qxd6 Rxd6 44. Rc1 Kf7 45. Kf2 Rh6 46. Kg2 Ke7 1/2-1/2

[Event "SR 4. liga A21 2013/2014"]
[Site "?"]
[Date "2013.10.06"]
[Round "1.5"]
[White "Slaby, Jozef"]
[Black "Lanik, Miroslav"]
[Result "1/2-1/2"]
[WhiteElo "1874"]
[BlackElo "1925"]
[PlyCount "84"]
[EventDate "2013.??.??"]

1. c4 e5 2. Nc3 Nf6 3. d3 Nc6 4. Nf3 d5 5. cxd5 Nxd5 6. g3 f6 7. Bg2 Be6 8. O-O
Qd7 9. Bd2 O-O-O 10. Rc1 Kb8 11. a3 g5 12. b4 h5 13. Ne4 Be7 14. Nc5 Bxc5 15.
bxc5 h4 16. Rb1 hxg3 17. fxg3 Nde7 18. Qc1 Bd5 19. Qb2 b6 20. cxb6 cxb6 21. a4
e4 22. dxe4 Bxe4 23. Rbd1 Qe6 24. Bc3 Nd5 25. Rxd5 Rxd5 26. Bxf6 Rg8 27. Bc3 g4
28. Nh4 Bxg2 29. Nxg2 Rgd8 30. Rf6 Qd7 31. Ne3 Rd6 32. Rf4 Rg8 33. a5 Qb7 34.
axb6 axb6 35. Nxg4 Rd1+ 36. Kf2 b5 37. Ne3 Rd7 38. Rf5 Rf7 39. Be5+ Nxe5 40.
Qxe5+ Ka8 41. Qa1+ Kb8 42. Qe5+ Ka8 1/2-1/2

[Event "SR 4. liga A21 2013/2014"]
[Site "?"]
[Date "2013.10.06"]
[Round "1.5"]
[White "Palka, Martin"]
[Black "Vagovic, Milan"]
[Result "1-0"]
[WhiteElo "1881"]
[BlackElo "1702"]
[PlyCount "67"]
[EventDate "2013.??.??"]

1. c4 Nf6 2. Nc3 e6 3. e4 Nc6 4. d4 Bb4 5. Bg5 h6 6. Bxf6 Qxf6 7. e5 Qf4 8. Nf3
b6 9. a3 Bxc3+ 10. bxc3 Bb7 11. Be2 O-O 12. O-O Rad8 13. g3 Qe4 14. Nd2 Qg6 15.
Nb3 Ne7 16. Bd3 f5 17. exf6 Qxf6 18. f4 d6 19. Qe2 Nf5 20. Rae1 Rfe8 21. Be4 c6
22. Qf3 d5 23. Bd3 Re7 24. c5 Ba8 25. Re5 Rde8 26. g4 Nh4 27. Qg3 Ng6 28. g5
Qf7 29. Re3 Rf8 30. gxh6 Nxf4 31. Ref3 Qh5 32. Rxf4 Rxf4 33. Qxf4 Rf7 34. Qb8+
1-0

[Event "SR 4. liga A21 2013/2014"]
[Site "?"]
[Date "2013.10.06"]
[Round "1.5"]
[White "Pripko, Bystrik"]
[Black "Tokos, Rastislav"]
[Result "0-1"]
[WhiteElo "1721"]
[BlackElo "1846"]
[PlyCount "100"]
[EventDate "2013.??.??"]

1. e4 c5 2. Nc3 Nc6 3. Nf3 g6 4. a3 Bg7 5. h3 e6 6. d3 d5 7. exd5 exd5 8. Be2
Nf6 9. O-O O-O 10. Bg5 a6 11. Rb1 Re8 12. Re1 Be6 13. Qc1 Qd7 14. Bh6 Bh8 15.
Ng5 Re7 16. Nxe6 Rxe6 17. Bf3 Rae8 18. Rxe6 Qxe6 19. Be3 d4 20. Bd2 dxc3 21.
Bxc3 Nd4 22. Bxd4 cxd4 23. Bxb7 Nd5 24. Qg5 Nc7 25. Qa5 Qe5 26. Qa4 Qb5 27.
Qxb5 axb5 28. Kf1 Be5 29. b3 Rb8 30. Bc6 Rb6 31. Bf3 Kf8 32. Ra1 Ne6 33. a4
bxa4 34. Rxa4 Nc7 35. Ra5 Bd6 36. Ra4 Bb4 37. Be4 Ne6 38. Bd5 Ke7 39. g3 h5 40.
h4 Kd6 41. Bc4 f6 42. Ra8 Ke5 43. Ke2 Kf5 44. f3 Rb7 45. Re8 Re7 46. g4+ hxg4
47. fxg4+ Ke5 48. Rb8 Bd6 49. Rb5+ Kf4 50. h5 Nc7+ 0-1

[Event "SR 4. liga A21 2013/2014"]
[Site "?"]
[Date "2013.10.06"]
[Round "1.5"]
[White "Huska, Branislav"]
[Black "Piestansky, Jan"]
[Result "1-0"]
[WhiteElo "1575"]
[BlackElo "1658"]
[PlyCount "139"]
[EventDate "2013.??.??"]

1. e4 e5 2. Nf3 d6 3. Bc4 h6 4. Nc3 Nf6 5. h3 Nc6 6. d3 Be7 7. Be3 Na5 8. Bb3
Nxb3 9. axb3 a6 10. O-O O-O 11. Nh2 Be6 12. f4 exf4 13. Bxf4 Nh7 14. Nf3 Ng5
15. Qd2 Nxf3+ 16. Rxf3 Kh7 17. Raf1 f6 18. Ne2 Bf7 19. Nd4 Qd7 20. Nf5 g5 21.
Be3 Bg6 22. Bd4 Bxf5 23. Rxf5 Kg6 24. Qf2 Qe6 25. h4 b5 26. Be3 Rg8 27. Qf3
Raf8 28. Kf2 c5 29. Rh1 Rh8 30. Qg4 h5 31. Qf3 g4 32. Qf4 a5 33. Ra1 Bd8 34.
Rd5 Bc7 35. Bxc5 Rd8 36. Bd4 b4 37. Qf5+ Qxf5+ 38. Rxf5 Rhf8 39. Ke2 Rd7 40.
Raf1 Rdf7 41. Rd5 Rc8 42. Rff5 Rff8 43. Rxh5 Bd8 44. Kd2 Bc7 45. Rhf5 Rf7 46.
Ke3 Rg8 47. Kf4 Kg7 48. Kxg4 Kf8+ 49. Kf3 Ke7 50. g4 Ke6 51. Rb5 Bd8 52. c3
bxc3 53. bxc3 Rfg7 54. Rf4 Rg6 55. Bb6 Bxb6 56. Rxb6 Ra8 57. d4 a4 58. bxa4
Rxa4 59. Rb7 d5 60. Rb6+ Ke7 61. exd5 Rc4 62. Re4+ Kd7 63. Re3 Rc7 64. g5 Rg8
65. Rxf6 Rgc8 66. Rf7+ Kd6 67. Rxc7 Rxc7 68. h5 Kxd5 69. h6 Rf7+ 70. Kg4 1-0

[Event "SR 4. liga A21 2013/2014"]
[Site "?"]
[Date "2013.10.06"]
[Round "1.5"]
[White "Slaba, Andrea"]
[Black "Barcaj, Jaroslav"]
[Result "0-1"]
[WhiteElo "1294"]
[BlackElo "1591"]
[PlyCount "54"]
[EventDate "2013.??.??"]

1. c4 e6 2. Nc3 Nf6 3. d3 Be7 4. Nf3 b6 5. g3 Bb7 6. Bg2 O-O 7. O-O d6 8. Bf4
Nbd7 9. b4 c5 10. b5 Nh5 11. Bc1 f5 12. Nd2 Bxg2 13. Kxg2 Qe8 14. e3 Qg6 15.
Qf3 Ne5 16. Qe2 f4 17. Kh1 f3 18. Qd1 Qg4 19. Qc2 Qh3 20. Rg1 Rf6 21. Nde4 Rh6
22. Nd2 Nf4 23. Nf1 Nfxd3 24. e4 Nxc1 25. Rxc1 Ng4 26. Nd1 Qxh2+ 27. Nxh2 Rxh2#
0-1

[Event "SR 4. liga A21 2013/2014"]
[Site "?"]
[Date "2013.10.06"]
[Round "1.6"]
[White "Pericka, Tomas"]
[Black "Blatnicky, Miroslav"]
[Result "0-1"]
[WhiteElo "1994"]
[BlackElo "2089"]
[PlyCount "102"]
[EventDate "2013.??.??"]

1. e4 c6 2. d4 d5 3. e5 Bf5 4. Nc3 e6 5. g4 Bg6 6. Nge2 Bb4 7. h4 h6 8. Nf4 Be4
9. f3 Bh7 10. Bd3 Bxd3 11. Nxd3 Be7 12. h5 Bh4+ 13. Kf1 Nd7 14. Be3 Bg5 15. f4
Be7 16. a4 a5 17. f5 Bg5 18. Rh3 Bxe3 19. Rxe3 Qg5 20. Qf3 Ne7 21. fxe6 fxe6
22. Ke2 Rf8 23. Qg3 O-O-O 24. Rf1 Rxf1 25. Kxf1 Rf8+ 26. Rf3 g6 27. Rxf8+ Nxf8
28. Qf4 Qxf4+ 29. Nxf4 gxh5 30. Nxh5 Neg6 31. Ne2 b5 32. axb5 cxb5 33. Nf6 Kc7
34. Ng8 a4 35. c3 Kb6 36. Nc1 b4 37. cxb4 Kb5 38. Nd3 Kc4 39. Ke2 Kxd4 40. Nxh6
Nxe5 41. Nxe5 Kxe5 42. Ke3 d4+ 43. Kd3 Kd5 44. Nf7 e5 45. Ng5 Ng6 46. b5 Nf4+
47. Kd2 Kc5 48. b6 Kxb6 49. Nf3 Ng6 50. Kd3 Kc5 51. g5 Kd5 0-1

[Event "SR 4. liga A21 2013/2014"]
[Site "?"]
[Date "2013.10.06"]
[Round "1.6"]
[White "Orvisky, Vladimir"]
[Black "Sadlon, Juraj"]
[Result "0-1"]
[WhiteElo "1817"]
[BlackElo "1801"]
[PlyCount "116"]
[EventDate "2013.??.??"]

1. c4 Nf6 2. Nc3 c5 3. Nf3 Nc6 4. d4 cxd4 5. Nxd4 a6 6. g3 d6 7. Bg2 Qb6 8. Nb3
g6 9. O-O Bg7 10. Be3 Qc7 11. Qc1 O-O 12. Rd1 Be6 13. Nd5 Qd8 14. Nb6 Rb8 15.
Nd4 Nd7 16. Nd5 Nxd4 17. Bxd4 Bxd4 18. Rxd4 Nb6 19. Qh6 f5 20. Nf4 Bf7 21. c5
Nc4 22. b3 e5 23. Nxg6 exd4 24. Nxf8 Qxf8 25. Qg5+ Bg6 26. bxc4 dxc5 27. Rb1 b5
28. h4 Qg7 29. cxb5 axb5 30. Qf4 Rb6 31. a4 b4 32. a5 Rb5 33. a6 b3 34. Bd5+
Bf7 35. Bb7 Ra5 36. Qb8+ Qf8 37. a7 c4 38. Bc8 Rxa7 39. Qxa7 Qxc8 40. Qxd4 c3
41. Kh2 c2 42. Rc1 h6 43. Qb2 Qc4 44. Re1 Qb4 45. Ra1 Qb7 46. Rc1 Qe4 47. Re1
Bd5 48. f3 Qb4 49. Ra1 Qb7 50. Kg2 Qg7 51. Ra8+ Kh7 52. Qa3 Bxa8 53. Qc5 Qf7
54. Qc3 Bd5 55. Kf2 Qa7+ 56. e3 Bf7 57. Ke2 Qa2 58. Kd2 Qb1 0-1

[Event "SR 4. liga A21 2013/2014"]
[Site "?"]
[Date "2013.10.06"]
[Round "1.6"]
[White "Skapik, Branislav"]
[Black "Krchnak, Rudolf"]
[Result "1/2-1/2"]
[WhiteElo "1841"]
[BlackElo "1821"]
[PlyCount "54"]
[EventDate "2013.??.??"]

1. Nf3 c5 2. g3 b6 3. Bg2 Bb7 4. O-O e6 5. c4 g6 6. Nc3 Bg7 7. Rb1 Ne7 8. d3
O-O 9. Bf4 d5 10. Qc1 Nf5 11. e4 Ne7 12. Bh6 Na6 13. Bxg7 Kxg7 14. a3 dxc4 15.
dxc4 Nc6 16. Rd1 Qe7 17. Nb5 Rfd8 18. Qc3+ Kg8 19. e5 Rxd1+ 20. Rxd1 Rd8 21.
Rd6 Nc7 22. Qd2 Nxb5 23. cxb5 Nd4 24. Rxd8+ Qxd8 25. Nxd4 Bxg2 26. Kxg2 cxd4
27. f4 Qd5+ 1/2-1/2

[Event "SR 4. liga A21 2013/2014"]
[Site "?"]
[Date "2013.10.06"]
[Round "1.6"]
[White "Smrek, Peter"]
[Black "Pericka, Pavol"]
[Result "1-0"]
[WhiteElo "1811"]
[BlackElo "1793"]
[PlyCount "101"]
[EventDate "2013.??.??"]

1. c4 e5 2. Nc3 Nc6 3. g3 Nf6 4. Bg2 Bc5 5. e3 O-O 6. a3 a5 7. Nge2 d6 8. d4
exd4 9. exd4 Ba7 10. h3 Bf5 11. O-O Qc8 12. Kh2 h6 13. Be3 Ne7 14. Qd2 c6 15.
Rac1 Qd7 16. Rfd1 d5 17. c5 Ng6 18. Nf4 Ne7 19. Nd3 Ng6 20. f4 Bxd3 21. Qxd3
Bb8 22. Bf3 Re8 23. Bd2 Bc7 24. Re1 Re7 25. Rxe7 Nxe7 26. Re1 Re8 27. Na4 Nc8
28. Rxe8+ Qxe8 29. Qb3 Ne4 30. Be3 b5 31. cxb6 Bb8 32. Nc5 Ncd6 33. Qd3 f5 34.
Na6 Nc4 35. Bxe4 fxe4 36. Qc3 Nxb6 37. Nxb8 Qxb8 38. Qxc6 Qd8 39. b3 Kf7 40.
Bd2 Nc8 41. f5 Ne7 42. Qe6+ Kf8 43. f6 Ng8 44. fxg7+ Kxg7 45. Bf4 Nf6 46. Be5
Kg6 47. b4 axb4 48. axb4 Qf8 49. b5 e3 50. Kg2 Kg5 51. Bxf6+ 1-0

[Event "SR 4. liga A21 2013/2014"]
[Site "?"]
[Date "2013.10.06"]
[Round "1.6"]
[White "Likavska, Barbora"]
[Black "Kosiarcik, Maximilian"]
[Result "1-0"]
[WhiteElo "1870"]
[BlackElo "1239"]
[PlyCount "105"]
[EventDate "2013.??.??"]

1. d4 Nf6 2. c4 e6 3. Nc3 Bb4 4. Bd2 d5 5. e3 O-O 6. Nf3 c5 7. Be2 cxd4 8. Nxd4
Nc6 9. Nxc6 bxc6 10. O-O Ba6 11. cxd5 Bxe2 12. Qxe2 cxd5 13. a3 Bd6 14. Rac1
Qb8 15. g3 Qxb2 16. Rb1 Qxa3 17. Nb5 Qa6 18. Ra1 Qb6 19. Rfb1 a6 20. Nxd6 Qxd6
21. Bb4 Qc6 22. Bxf8 Kxf8 23. Qb2 Ne4 24. Qb4+ Ke8 25. Qb7 Qxb7 26. Rxb7 a5 27.
Rab1 Ra6 28. Rc1 Nd6 29. Rbc7 Nc4 30. e4 a4 31. exd5 exd5 32. Re1+ Re6 33. Rb1
Rb6 34. Rxb6 Nxb6 35. Ra7 Kd8 36. Kf1 Kc8 37. Ke2 Kb8 38. Ra5 Kb7 39. Kd3 Kc6
40. Kc3 h6 41. Ra7 Kc5 42. Rc7+ Kb5 43. Rxf7 a3 44. Kb3 Nc4 45. Rxg7 Kc5 46. f4
Kd4 47. Rh7 Ke3 48. f5 d4 49. f6 Ke2 50. f7 d3 51. f8=Q d2 52. Qe8+ Ne3 53. Rd7
1-0

[Event "SR 4. liga A21 2013/2014"]
[Site "?"]
[Date "2013.10.20"]
[Round "2.1"]
[White "Podjavorinsky, Michal"]
[Black "Blatnicky, Miroslav"]
[Result "1-0"]
[WhiteElo "1719"]
[BlackElo "2089"]
[PlyCount "71"]
[EventDate "2013.??.??"]

1. e4 c6 2. d4 d5 3. exd5 cxd5 4. Bd3 Nc6 5. c3 Nf6 6. Nf3 Bg4 7. Bf4 e6 8.
Nbd2 Bd6 9. Bg3 Qc7 10. Bxd6 Qxd6 11. O-O O-O 12. Re1 Rfe8 13. Qb3 Bxf3 14.
Nxf3 Rab8 15. Ne5 Nd7 16. Nxd7 Qxd7 17. Bb5 a6 18. Bxc6 bxc6 19. Qc2 Rb5 20.
Re3 Reb8 21. b3 Qd6 22. b4 a5 23. a4 R5b7 24. bxa5 c5 25. Ree1 Rb2 26. Qd3 c4
27. Qd1 Qa6 28. Re2 Qxa5 29. Rxb2 Rxb2 30. Qc1 Rb3 31. g3 Qxc3 32. Qxc3 Rxc3
33. a5 Rb3 34. a6 Rb8 35. a7 Ra8 36. Rb1 1-0

[Event "SR 4. liga A21 2013/2014"]
[Site "?"]
[Date "2013.10.20"]
[Round "2.1"]
[White "Krchnak, Rudolf"]
[Black "Miciak, Emanuel"]
[Result "1-0"]
[WhiteElo "1821"]
[BlackElo "1896"]
[PlyCount "99"]
[EventDate "2013.??.??"]

1. d4 d5 2. Nc3 f5 3. Bf4 c6 4. e3 Nf6 5. Nf3 e6 6. Bd3 Nbd7 7. Ne5 Be7 8. O-O
O-O 9. a3 Ne4 10. Nxe4 fxe4 11. Be2 Nf6 12. c4 Bd7 13. Qb3 Qc8 14. c5 Be8 15.
Qd1 Kh8 16. b4 a6 17. a4 $11 Nd7 18. a5 Nxe5 19. Bxe5 Bg6 20. Bh5 Qe8 21. Qg4
Bf6 22. Bxg6 hxg6 23. Bxf6 gxf6 24. f4 f5 25. Qg5 Kg7 26. Kf2 Rh8 27. h3 Rh5
28. Qg3 Qe7 29. Rh1 Rah8 30. Rag1 Kf7 31. Ke2 Qf8 32. Qe1 Qh6 33. Qg3 Rh7 34.
Kd2 Rh4 35. Qh2 Qh5 36. Qg3 Qh6 37. Qh2 Rh5 38. Qg3 Qg7 39. Qe1 Qh8 40. Qg3 Rh4
41. Qg5 R7h5 42. Qg3 Qb8 43. Qf2 Qh8 44. Qg3 Qg7 45. Qh2 Qh8 46. Qg3 g5 47.
fxg5 f4 48. Rf1 Ke8 49. Rxf4 Rxf4 50. Qxf4 1-0

[Event "SR 4. liga A21 2013/2014"]
[Site "?"]
[Date "2013.10.20"]
[Round "2.1"]
[White "Bajcar, Pavol"]
[Black "Smrek, Peter"]
[Result "1/2-1/2"]
[WhiteElo "1745"]
[BlackElo "1811"]
[PlyCount "43"]
[EventDate "2013.??.??"]

1. d4 b5 2. Bf4 e6 3. e3 Bb7 4. Nf3 b4 5. c4 d5 6. Nbd2 Nf6 7. Bd3 c5 8. Bxb8
Qxb8 9. cxd5 exd5 10. Bb5+ Nd7 11. Qa4 Qc7 12. Ne5 Rd8 13. Rc1 c4 14. Nxd7 Rxd7
15. Qxa7 Bc6 16. Qxc7 Rxc7 17. Bxc6+ Rxc6 18. e4 c3 19. O-O dxe4 20. bxc3 bxc3
21. Nxe4 c2 22. Nc5 1/2-1/2

[Event "SR 4. liga A21 2013/2014"]
[Site "?"]
[Date "2013.10.20"]
[Round "2.1"]
[White "Kosiarcik, Maximilian"]
[Black "Podjavorinsky, Peter"]
[Result "1-0"]
[WhiteElo "1239"]
[BlackElo "1707"]
[PlyCount "33"]
[EventDate "2013.??.??"]

1. e4 e5 2. Nf3 Nc6 3. Bc4 Nf6 4. Ng5 d5 5. exd5 Na5 6. Bb5+ c6 7. dxc6 bxc6 8.
Ba4 Be7 9. b4 Nb7 10. Bxc6+ Nd7 11. Qf3 f6 12. Ne6 Qb6 13. Nxg7+ Kf7 14. Bd5+
Kxg7 15. Qg4+ Kf8 16. Qh5 Nd8 17. Bxa8 1-0